Normal view MARC view

Entry Personal Name

Number of records used in: 2

001 - CONTROL NUMBER

  • control field: 68137

003 - CONTROL NUMBER IDENTIFIER

  • control field: dpl

005 - DATE AND TIME OF LATEST TRANSACTION

  • control field: 20240704125950.0

008 - FIXED-LENGTH DATA ELEMENTS

  • fixed length control field: 240704|| aca||aabn | a|a d

040 ## - CATALOGING SOURCE

  • Original cataloging agency: dpl
  • Transcribing agency: dpl

100 ## - HEADING--PERSONAL NAME

  • Personal name: Obstfeld, Maurice

670 ## - SOURCE DATA FOUND

  • Source citation: Work cat.: (dpl)203958: Krugman, R. Paul 68136, International Finance:, 2024

© Delhi Public Library
Hit Counter
free hit counter